[Event "World Cities Champ, Al Ain (UAE)"]
[Site "Al-Ain UAE"]
[Date "2012.12.23"]
[Round "2"]
[White "Fressinet, Laurent"]
[Black "Kawuma, Patrick"]
[Result "1-0"]
[WhiteElo "2700"]
[BlackElo "2245"]
[PlyCount "43"]
[EventDate "2012.12.22"]
[WhiteTeam "Paris"]
[BlackTeam "Kampala"]

1. d4 Nf6 2. c4 g6 3. g3 Bg7 4. Bg2 d5 5. Nf3 O-O 6. cxd5 Nxd5 7. O-O Nb6 8.
Nc3 Nc6 9. d5 Na5 10. e4 c6 11. Re1 cxd5 12. Nxd5 Bg4 13. Bg5 Nxd5 14. exd5 Re8
15. Qa4 Bxf3 16. Bxf3 Rc8 17. d6 Nc6 18. Bxe7 Qd7 19. Bg4 f5 20. Bf3 Rxe7 21.
dxe7 Bf6 22. Rad1 1-0

[Event "World Cities Champ, Al Ain (UAE)"]
[Site "Al-Ain UAE"]
[Date "2012.12.23"]
[Round "2"]
[White "Ivanisevic, Ivan"]
[Black "Giri, Anish"]
[Result "1/2-1/2"]
[WhiteElo "2633"]
[BlackElo "2720"]
[PlyCount "66"]
[EventDate "2012.12.22"]
[WhiteTeam "Novi Sad"]
[BlackTeam "Hoogeveen"]

1. d4 Nf6 2. c4 g6 3. Nc3 d5 4. cxd5 Nxd5 5. e4 Nxc3 6. bxc3 Bg7 7. Qa4+ Qd7 8.
Bb5 c6 9. Be2 O-O 10. Nf3 c5 11. Bb5 Qg4 12. O-O cxd4 13. Ba3 Nc6 14. cxd4 Qxe4
15. Rfe1 Qd5 16. Bc4 Qa5 17. Qxa5 Nxa5 18. Bd5 Nc6 19. Bxe7 Re8 20. Bc5 Be6 21.
Bxc6 bxc6 22. a3 a5 23. Ne5 Rac8 24. h3 f6 25. Nf3 Bf5 26. Nd2 Bd3 27. Nb3
Rxe1+ 28. Rxe1 Ra8 29. Nxa5 Rxa5 30. Re8+ Kf7 31. Re7+ Kg8 32. Re8+ Kf7 33.
Re7+ Kg8 1/2-1/2

[Event "World Cities Champ, Al Ain (UAE)"]
[Site "Al-Ain UAE"]
[Date "2012.12.24"]
[Round "3"]
[White "Moiseenko, Alexander"]
[Black "Miezis, Normunds"]
[Result "1-0"]
[WhiteElo "2710"]
[BlackElo "2596"]
[PlyCount "79"]
[EventDate "2012.12.22"]
[WhiteTeam "Lviv"]
[BlackTeam "Riga"]

1. d4 Nf6 2. c4 e6 3. Nf3 Bb4+ 4. Nbd2 d5 5. Qa4+ Nc6 6. a3 Bxd2+ 7. Bxd2 Ne4
8. e3 O-O 9. Qc2 a5 10. Bd3 f5 11. O-O Bd7 12. b4 Ne7 13. bxa5 Nxd2 14. Qxd2
Ng6 15. cxd5 exd5 16. Rab1 Ra7 17. Rfc1 c6 18. Rb6 Qe7 19. Qb4 Rfa8 20. Ne5
Qxb4 21. axb4 Nxe5 22. dxe5 Kf7 23. f4 Ke7 24. Kf2 g6 25. Ke2 Rd8 26. Kd2 Be8
27. Kc3 c5 28. bxc5 Rxa5 29. Rxb7+ Kf8 30. Kd2 Rc8 31. Rxh7 Raxc5 32. Rxc5 Rxc5
33. Ra7 Rc8 34. h3 Bf7 35. Bb5 Rb8 36. Bd7 Rb6 37. g4 fxg4 38. hxg4 d4 39. exd4
Bd5 40. f5 1-0

[Event "World Cities Champ, Al Ain (UAE)"]
[Site "Al-Ain UAE"]
[Date "2012.12.24"]
[Round "3"]
[White "Vachier-Lagrave, Maxime"]
[Black "Akobian, Varuzhan"]
[Result "1-0"]
[WhiteElo "2711"]
[BlackElo "2622"]
[PlyCount "67"]
[EventDate "2012.12.22"]
[WhiteTeam "Paris"]
[BlackTeam "Chicago"]

1. e4 c6 2. d4 d5 3. e5 Bf5 4. h4 h6 5. g4 Bd7 6. h5 e6 7. Nf3 c5 8. c3 Qb6 9.
Be2 Nc6 10. O-O f6 11. Nh4 Nge7 12. Na3 cxd4 13. exf6 gxf6 14. Nb5 Rg8 15. cxd4
O-O-O 16. Be3 a6 17. a4 Kb8 18. a5 Rxg4+ 19. Bxg4 Qxb5 20. Qd2 e5 21. Bxd7 Rxd7
22. Rfc1 Nc8 23. Ng6 Bb4 24. Qd1 Nd6 25. dxe5 fxe5 26. Qg4 Rd8 27. Bxh6 Ne4 28.
Be3 Nd4 29. Nxe5 Ne2+ 30. Kg2 Nxc1 31. Rxc1 Bxa5 32. h6 Qe8 33. h7 Ka8 34. Nf7
1-0

[Event "World Cities Champ, Al Ain (UAE)"]
[Site "Al-Ain UAE"]
[Date "2012.12.24"]
[Round "3"]
[White "Giri, Anish"]
[Black "Wang, Yue"]
[Result "1/2-1/2"]
[WhiteElo "2720"]
[BlackElo "2696"]
[PlyCount "75"]
[EventDate "2012.12.22"]
[WhiteTeam "Hoogeveen"]
[BlackTeam "Wu Xi"]

1. c4 Nf6 2. Nf3 c6 3. g3 g6 4. Bg2 Bg7 5. O-O O-O 6. d4 d5 7. Qb3 Qb6 8. Nc3
Rd8 9. Qa3 dxc4 10. Qxe7 Re8 11. Qa3 Na6 12. Qa4 Qb4 13. Qd1 Bf5 14. Nd2 Be6
15. e3 Nd5 16. Qc2 Rad8 17. a3 Qe7 18. Nxc4 Nxc3 19. Qxc3 c5 20. Ne5 Bd5 21. b4
cxd4 22. exd4 Bxg2 23. Kxg2 Rxd4 24. f4 Rdd8 25. Bb2 Nb8 26. Rae1 Nd7 27. Qc2
Nxe5 28. Bxe5 Bxe5 29. Rxe5 Qf6 30. Rfe1 Rxe5 31. Rxe5 Qa6 32. Qc3 Qd6 33. Qe3
Qc6+ 34. Qe4 Rd2+ 35. Kh3 Qxe4 36. Rxe4 Kf8 37. b5 b6 38. Ra4 1/2-1/2

[Event "World Cities Champ, Al Ain (UAE)"]
[Site "Al-Ain UAE"]
[Date "2012.12.25"]
[Round "4"]
[White "Fressinet, Laurent"]
[Black "Guseinov, Gadir"]
[Result "1-0"]
[WhiteElo "2700"]
[BlackElo "2628"]
[PlyCount "139"]
[EventDate "2012.12.22"]
[WhiteTeam "Paris"]
[BlackTeam "Baku"]

1. d4 Nf6 2. c4 g6 3. Nc3 Bg7 4. e4 d6 5. Be2 O-O 6. Nf3 e5 7. O-O Na6 8. Be3
Ng4 9. Bg5 Qe8 10. Re1 exd4 11. Nxd4 Qe5 12. Nf3 Qc5 13. Bh4 Be6 14. Rc1 Rfe8
15. a3 Qa5 16. Nd2 f5 17. h3 Nh6 18. c5 dxc5 19. exf5 Nxf5 20. Bc4 Qb6 21. Rxe6
Rxe6 22. Nde4 Kh8 23. Ng5 Rf6 24. Nd5 Qc6 25. Nxf6 Bxf6 26. Nf7+ Kg7 27. Bxf6+
Qxf6 28. Qd7 Qe7 29. Qxe7 Nxe7 30. Ng5 c6 31. Bxa6 bxa6 32. Rxc5 Rb8 33. b4 Rb5
34. f4 a5 35. bxa5 Rxc5 36. Ne6+ Kf6 37. Nxc5 Nd5 38. g3 Ke7 39. Kf2 Nc3 40.
Ke3 h5 41. Nd3 Kd6 42. Ne5 Nd5+ 43. Ke4 Ne7 44. Nd3 Nf5 45. g4 hxg4 46. hxg4
Ne7 47. a6 c5 48. Ne5 Kc7 49. Nc4 Kc6 50. a4 Nd5 51. Ke5 Nc3 52. g5 Kd7 53. Kf6
Nd5+ 54. Kxg6 Nxf4+ 55. Kf5 Nh5 56. Ke5 Kc6 57. g6 Kd7 58. Nb6+ Kc6 59. Nc4 Kd7
60. Nb6+ Kc6 61. Nd5 Ng7 62. Ne7+ Kd7 63. Nd5 Kc6 64. Nf4 Ne8 65. Ke6 c4 66.
Ne2 Kc5 67. Kd7 Nf6+ 68. Kc7 Ne8+ 69. Kb7 Kd6 70. Nc3 1-0

[Event "World Cities Champ, Al Ain (UAE)"]
[Site "Al-Ain UAE"]
[Date "2012.12.25"]
[Round "4"]
[White "Akobian, Varuzhan"]
[Black "Giri, Anish"]
[Result "0-1"]
[WhiteElo "2622"]
[BlackElo "2720"]
[PlyCount "82"]
[EventDate "2012.12.22"]
[WhiteTeam "Chicago"]
[BlackTeam "Hoogeveen"]

1. d4 Nf6 2. c4 g6 3. Nc3 d5 4. Bg5 Bg7 5. Bxf6 Bxf6 6. cxd5 c5 7. dxc5 Nd7 8.
e3 O-O 9. Nf3 Nxc5 10. Nd4 Qa5 11. Rc1 Bd7 12. Be2 Ne4 13. Qb3 Rac8 14. O-O Nd2
15. Qxb7 Bxd4 16. exd4 Rc7 17. Qa6 Qxa6 18. Bxa6 Nxf1 19. Kxf1 Rb8 20. Rc2 Rb6
21. Be2 Ba4 22. Rc1 Rxb2 23. Ke1 Kf8 24. h4 Rb4 25. h5 gxh5 26. Bd3 Rxd4 27.
Kd2 Bd7 28. Ke3 Rxd5 29. Bxh7 Rdc5 30. Kd2 f5 31. Bg6 Be8 32. Bxe8 Kxe8 33. f4
Kf7 34. g3 Kf6 35. Kd3 Kg6 36. Rc2 e6 37. Kd4 a5 38. a4 R5c6 39. Kd3 Rd7+ 40.
Ke3 Rdc7 41. Kd3 Rd6+ 0-1

[Event "World Cities Champ, Al Ain (UAE)"]
[Site "Al-Ain UAE"]
[Date "2012.12.25"]
[Round "4"]
[White "Moiseenko, Alexander"]
[Black "Wang, Yue"]
[Result "0-1"]
[WhiteElo "2710"]
[BlackElo "2696"]
[PlyCount "176"]
[EventDate "2012.12.22"]
[WhiteTeam "Lviv"]
[BlackTeam "Wu Xi"]

1. d4 d5 2. c4 c6 3. Nf3 Nf6 4. Nc3 dxc4 5. a4 Bf5 6. Nh4 Bc8 7. Nf3 Bf5 8. Nh4
Bc8 9. e3 Bg4 10. f3 Bd7 11. f4 e6 12. Nf3 Bb4 13. Bxc4 c5 14. O-O cxd4 15.
exd4 O-O 16. Ne5 Nc6 17. Be3 Rc8 18. Bd3 Ne7 19. Ne4 Nxe4 20. Bxe4 Bc6 21. Nxc6
bxc6 22. Qd3 g6 23. Kh1 Nd5 24. Bg1 Qa5 25. g3 Rfd8 26. Bf3 Bf8 27. Rfc1 Rb8
28. b3 Rb6 29. Bf2 Qb4 30. Bd1 Qe7 31. Rc4 Qb7 32. Kg1 h5 33. Rb1 a5 34. Bf3
Rb8 35. Bd1 Nf6 36. Kg2 Qd7 37. Bf3 Nd5 38. Bd1 Qd6 39. Qd2 Ra6 40. Rbc1 Qd7
41. Qc2 Ba3 42. Ra1 Bd6 43. Qe4 Kg7 44. h4 Kg8 45. Rb1 Rab6 46. Qf3 Nf6 47.
Rbc1 Ba3 48. Ra1 Bf8 49. Rac1 Nd5 50. Kh2 Ra6 51. Kg2 Rbb6 52. Kh2 Nf6 53. Kg2
Qd5 54. Bg1 Kg7 55. Bc2 Ba3 56. Re1 Bd6 57. Rc1 Kf8 58. Bd1 Ke7 59. Be3 Kd7 60.
R4c3 Bb4 61. R3c2 Ba3 62. Rb1 Ra8 63. Be2 Qf5 64. Bd1 Nd5 65. Bd2 Bb4 66. Rbc1
Ke7 67. Bxb4+ Rxb4 68. Rd2 Rb6 69. Bc2 Qf6 70. Bd1 Kf8 71. Rc5 Rb4 72. Qf2 Ne7
73. Bc2 Kg7 74. Qe3 Nd5 75. Qf2 Qe7 76. Kh2 Nf6 77. Kg2 Ng4 78. Qg1 Rd8 79.
Rxa5 c5 80. Bd1 Rbxd4 81. Rxd4 Rxd4 82. Bxg4 hxg4 83. Qe3 Qb7+ 84. Kf2 Qh1 85.
Ra7 Rd5 86. Qc3+ e5 87. Qe3 Qh2+ 88. Ke1 Qc2 0-1

[Event "World Cities Champ, Al Ain (UAE)"]
[Site "Al-Ain UAE"]
[Date "2012.12.25"]
[Round "4"]
[White "Murshed, Niaz"]
[Black "Tomashevsky, Evgeny"]
[Result "1/2-1/2"]
[WhiteElo "2464"]
[BlackElo "2725"]
[PlyCount "61"]
[EventDate "2012.12.22"]
[WhiteTeam "Dhaka"]
[BlackTeam "Saratov"]

1. d4 Nf6 2. c4 e6 3. Nf3 b6 4. g3 Ba6 5. Qc2 Bb7 6. Bg2 Bb4+ 7. Bd2 a5 8. O-O
O-O 9. Bf4 Be4 10. Qa4 Nc6 11. a3 Bd6 12. Bxd6 cxd6 13. Nc3 Rc8 14. Rfd1 Ne7
15. Nxe4 Nxe4 16. Nd2 Nxd2 17. Rxd2 Qc7 18. Rc1 d5 19. Rdc2 dxc4 20. Rxc4 Qd6
21. Qb5 Rxc4 22. Rxc4 Rc8 23. Rxc8+ Nxc8 24. Qc4 Ne7 25. h4 g6 26. e3 Kg7 27.
Be4 Qb8 28. Qb5 d5 29. Qd7 Ng8 30. Bd3 Nf6 31. Qc6 1/2-1/2

[Event "AICF-AAI Cup 2012"]
[Site "New Delhi IND"]
[Date "2012.12.25"]
[Round "5"]
[White "Negi, Parimarjan"]
[Black "Korobov, Anton"]
[Result "1/2-1/2"]
[WhiteElo "2641"]
[BlackElo "2702"]
[PlyCount "72"]
[EventDate "2012.12.21"]

1. e4 e5 2. Nf3 Nc6 3. Bb5 a6 4. Ba4 Nf6 5. O-O Be7 6. d3 d6 7. c3 O-O 8. Re1
b5 9. Bc2 Bb7 10. a4 Nb8 11. Nbd2 Nbd7 12. Nf1 c5 13. Ng3 g6 14. d4 Qc7 15. d5
c4 16. h3 Nc5 17. Bh6 Rfb8 18. Qd2 Bc8 19. a5 Qd8 20. Nf5 Bf8 21. Bxf8 Qxf8 22.
Qg5 Bxf5 23. Qxf6 Bd7 24. Nd2 Re8 25. f4 Qe7 26. fxe5 dxe5 27. Qf2 Nb7 28. Rf1
Kg7 29. Kh1 Nd6 30. b3 cxb3 31. Bxb3 Rec8 32. Rac1 Rab8 33. Qa7 Ra8 34. Qb6
Rab8 35. Qa7 Ra8 36. Qb6 Rab8 1/2-1/2

[Event "AICF-AAI Cup 2012"]
[Site "New Delhi IND"]
[Date "2012.12.25"]
[Round "5"]
[White "Wojtaszek, Radoslaw"]
[Black "Sasikiran, Krishnan"]
[Result "1/2-1/2"]
[WhiteElo "2734"]
[BlackElo "2676"]
[PlyCount "73"]
[EventDate "2012.12.21"]

1. d4 Nf6 2. c4 e6 3. Nc3 Bb4 4. e3 O-O 5. Bd3 c5 6. Nf3 d5 7. O-O Nc6 8. cxd5
exd5 9. dxc5 Bxc5 10. h3 Qe7 11. b3 Rd8 12. Bb2 Ne4 13. Ne2 Nb4 14. Nfd4 Bd6
15. Nf4 Bxf4 16. exf4 Qf6 17. Nc6 Qxc6 18. Bxe4 Qh6 19. Qd2 Nc6 20. Bd3 d4 21.
Rad1 Qf6 22. Be4 Bf5 23. Bxc6 Qxc6 24. Bxd4 Rd6 25. Qb2 Bxh3 26. f3 Rg6 27. Rd2
h5 28. Qc3 Qb5 29. Qc5 a6 30. Qxb5 axb5 31. Re1 Rd8 32. Ree2 Rgd6 33. Bc3 Rxd2
34. Rxd2 Rxd2 35. Bxd2 Bf5 36. a4 bxa4 37. bxa4 1/2-1/2

[Event "AICF-AAI Cup 2012"]
[Site "New Delhi IND"]
[Date "2012.12.25"]
[Round "5"]
[White "Alekseev, Evgeny"]
[Black "Gupta, Abhijeet"]
[Result "1-0"]
[WhiteElo "2691"]
[BlackElo "2662"]
[PlyCount "91"]
[EventDate "2012.12.21"]

1. e4 d5 2. exd5 Qxd5 3. Nc3 Qd6 4. d4 Nf6 5. Nf3 g6 6. h3 Bg7 7. Nb5 Qb6 8. c4
c6 9. Nc3 O-O 10. Be2 Rd8 11. O-O Bf5 12. Re1 e5 13. c5 Qc7 14. Nxe5 Nbd7 15.
Bf4 Nxe5 16. Bxe5 Qd7 17. Bf3 Re8 18. b4 Re7 19. a4 h5 20. b5 Rae8 21. Rf1 g5
22. bxc6 bxc6 23. Bxh5 Nxh5 24. Qxh5 Bxe5 25. dxe5 Qd2 26. Qf3 Rxe5 27. Rad1
Qb2 28. Qg3 f6 29. Rd6 Rxc5 30. Rxf6 Bh7 31. Rf3 Qb8 32. Qg4 Qe5 33. Re3 Qb8
34. Qd4 Rce5 35. Qc4+ Kg7 36. Rxe5 Qxe5 37. Qxc6 Re6 38. Qc4 Re7 39. Nb5 Rd7
40. Qg4 Qf5 41. Qb4 Qf4 42. Qc3+ Qf6 43. Qc5 Qf5 44. Qc6 Qd3 45. Nc7 Be4 46.
Qe6 1-0

[Event "AICF-AAI Cup 2012"]
[Site "New Delhi IND"]
[Date "2012.12.26"]
[Round "6"]
[White "Korobov, Anton"]
[Black "Alekseev, Evgeny"]
[Result "1/2-1/2"]
[WhiteElo "2702"]
[BlackElo "2691"]
[PlyCount "66"]
[EventDate "2012.12.21"]

1. d4 Nf6 2. c4 e6 3. Nf3 d5 4. Nc3 Bb4 5. e3 O-O 6. Bd3 c5 7. O-O cxd4 8. exd4
dxc4 9. Bxc4 b6 10. Bg5 Bb7 11. Ne5 h6 12. Bh4 Nbd7 13. Qb3 Bxc3 14. bxc3 Nxe5
15. dxe5 g5 16. Rad1 Qc7 17. Bxg5 Qxe5 18. Bxf6 Qxf6 19. Rfe1 Rfd8 20. Qa3 a5
21. Bf1 Rxd1 22. Rxd1 Rd8 23. Rxd8+ Qxd8 24. c4 Kh7 25. c5 bxc5 26. Qxc5 Be4
27. Qe3 Bg6 28. a3 Kg7 29. Qc3+ Kh7 30. Qe3 Kg7 31. Qc3+ Kh7 32. Qe3 Kg7 33.
Qc3+ Kh7 1/2-1/2

[Event "AICF-AAI Cup 2012"]
[Site "New Delhi IND"]
[Date "2012.12.26"]
[Round "6"]
[White "Sasikiran, Krishnan"]
[Black "Gupta, Abhijeet"]
[Result "1-0"]
[WhiteElo "2676"]
[BlackElo "2662"]
[PlyCount "61"]
[EventDate "2012.12.21"]

1. d4 Nf6 2. Nf3 g6 3. c4 Bg7 4. Nc3 d5 5. e3 O-O 6. Be2 c5 7. dxc5 dxc4 8. O-O
Qa5 9. Qd4 Nc6 10. Qxc4 Be6 11. Qb5 Qxb5 12. Bxb5 Nd5 13. Na4 Ndb4 14. a3 Nc2
15. Rb1 Rad8 16. Bd2 Ne5 17. Bc3 Nxf3+ 18. gxf3 a6 19. Be2 Bb3 20. Bxg7 Kxg7
21. Nc3 f5 22. Rbc1 Rd2 23. Bd1 Rfd8 24. Nb1 e5 25. Nxd2 Rxd2 26. f4 e4 27. f3
Nxe3 28. Bxb3 Rg2+ 29. Kh1 Rxb2 30. Rb1 Rd2 31. Rfe1 1-0

[Event "AICF-AAI Cup 2012"]
[Site "New Delhi IND"]
[Date "2012.12.27"]
[Round "7"]
[White "Sasikiran, Krishnan"]
[Black "Negi, Parimarjan"]
[Result "1-0"]
[WhiteElo "2676"]
[BlackElo "2641"]
[PlyCount "89"]
[EventDate "2012.12.21"]

1. d4 Nf6 2. Nf3 g6 3. Bg5 Bg7 4. Nbd2 O-O 5. e3 d6 6. Bd3 c5 7. c3 cxd4 8.
cxd4 b6 9. Qe2 Bb7 10. O-O Nbd7 11. Rac1 h6 12. Bh4 a6 13. e4 e5 14. Nc4 Qb8
15. d5 Rc8 16. Qe3 g5 17. Bg3 a5 18. Qe2 Qc7 19. h4 Ba6 20. hxg5 hxg5 21. Nxd6
Qxc1 22. Bxa6 Qc2 23. Nxc8 Qxe2 24. Ne7+ Kf8 25. Bxe2 Kxe7 26. Nxe5 Nxe4 27.
d6+ Ke8 28. Bf3 Nxe5 29. Bxe4 Rd8 30. Rd1 f6 31. Bf5 Bf8 32. d7+ Kf7 33. Rd5
Bc5 34. Bxe5 fxe5 35. Rxe5 Be7 36. g4 Rb8 37. Re6 Bd8 38. Re8 b5 39. b3 b4 40.
Kg2 Kf6 41. Be4 Kf7 42. Bc6 Kf6 43. Kf3 Kf7 44. Ke4 Kf6 45. Kd5 1-0

[Event "AICF-AAI Cup 2012"]
[Site "New Delhi IND"]
[Date "2012.12.27"]
[Round "7"]
[White "Gupta, Abhijeet"]
[Black "Korobov, Anton"]
[Result "1-0"]
[WhiteElo "2662"]
[BlackElo "2702"]
[PlyCount "53"]
[EventDate "2012.12.21"]

1. d4 e6 2. c4 b6 3. Nc3 Bb7 4. a3 f5 5. d5 Nf6 6. g3 a5 7. Bg2 Bc5 8. Nh3 O-O
9. O-O Na6 10. Qc2 Qe8 11. dxe6 Bxg2 12. exd7 Qxd7 13. Kxg2 Rae8 14. Rd1 Qc6+
15. Nd5 Bd6 16. Be3 Nxd5 17. Rxd5 Re4 18. Rad1 Rxc4 19. Qd3 b5 20. Ng5 g6 21.
Nf3 a4 22. b3 axb3 23. Qxb3 Rb8 24. Bh6 Qe8 25. Qb2 Qe7 26. Rxb5 Re8 27. Qb3
1-0

[Event "World Cities Champ, Al Ain (UAE)"]
[Site "Al-Ain UAE"]
[Date "2012.12.26"]
[Round "5"]
[White "Giri, Anish"]
[Black "Tomashevsky, Evgeny"]
[Result "1/2-1/2"]
[WhiteElo "2720"]
[BlackElo "2725"]
[PlyCount "61"]
[EventDate "2012.12.22"]
[WhiteTeam "Hoogeveen"]
[BlackTeam "Saratov"]

1. d4 d5 2. c4 c6 3. Nc3 Nf6 4. Nf3 a6 5. e3 e6 6. Qc2 c5 7. cxd5 exd5 8. Be2
Be6 9. O-O Nc6 10. Rd1 cxd4 11. Nxd4 Nxd4 12. exd4 Bd6 13. Bg5 O-O 14. Qb3 h6
15. Bxf6 Qxf6 16. Qxb7 Rfb8 17. Qc6 Qd8 18. Rab1 Rb6 19. Qa4 Qc7 20. g3 Rc8 21.
Qc2 Bb4 22. Rdc1 Rc6 23. Bd3 Bxc3 24. bxc3 Rxc3 25. Qxc3 Qxc3 26. Rxc3 Rxc3 27.
Rb8+ Rc8 28. Rb3 a5 29. f4 g6 30. Kf2 Rc1 31. Rb1 1/2-1/2

[Event "AICF-AAI Cup 2012"]
[Site "New Delhi IND"]
[Date "2012.12.28"]
[Round "8"]
[White "Negi, Parimarjan"]
[Black "Alekseev, Evgeny"]
[Result "1/2-1/2"]
[WhiteElo "2641"]
[BlackElo "2691"]
[PlyCount "76"]
[EventDate "2012.12.21"]

1. e4 e5 2. Nf3 Nc6 3. Bb5 Nf6 4. O-O Nxe4 5. Re1 Nd6 6. Nxe5 Be7 7. Bf1 Nf5 8.
Nf3 O-O 9. d4 d5 10. c3 Bd6 11. Bd3 Re8 12. Rxe8+ Qxe8 13. Nbd2 Nfe7 14. Nf1
Ng6 15. g3 f6 16. Ne3 Nce7 17. Qb3 c6 18. c4 Qf7 19. Bd2 b6 20. Rc1 Be6 21. h4
dxc4 22. Bxc4 Nf8 23. Bxe6 Nxe6 24. Nc4 Bc7 25. Re1 Nd5 26. Ne3 Qd7 27. Nxd5
cxd5 28. h5 Rd8 29. a4 Bb8 30. h6 g6 31. a5 Bc7 32. a6 Kf7 33. Qd3 Re8 34. Nh2
Bd8 35. Rc1 Nc7 36. Bf4 Ne6 37. Bd2 Nc7 38. Bf4 Ne6 1/2-1/2

[Event "AICF-AAI Cup 2012"]
[Site "New Delhi IND"]
[Date "2012.12.28"]
[Round "8"]
[White "Wojtaszek, Radoslaw"]
[Black "Gupta, Abhijeet"]
[Result "1/2-1/2"]
[WhiteElo "2734"]
[BlackElo "2662"]
[PlyCount "112"]
[EventDate "2012.12.21"]

1. Nf3 Nf6 2. c4 g6 3. Nc3 d5 4. cxd5 Nxd5 5. Qb3 Nb6 6. d4 Bg7 7. e4 Bg4 8.
Bb5+ c6 9. Ng5 O-O 10. Be2 Bxe2 11. Nxe2 c5 12. dxc5 N6d7 13. Qxb7 Qa5+ 14. Bd2
Qa6 15. Qxa6 Nxa6 16. Nc3 Ndxc5 17. Ke2 Nb4 18. Rhd1 Rab8 19. Rab1 Rfc8 20. Nf3
Bxc3 21. Bxc3 Nxa2 22. Be5 Rb4 23. Ra1 Ra4 24. Kf1 Nb3 25. Rab1 Rxe4 26. Rd7 f6
27. Rxa7 Nac1 28. Bc3 Rd8 29. g3 Kf7 30. Rc7 g5 31. h3 h5 32. Nd4 Nxd4 33. Rxc1
Nb5 34. Rb7 Nxc3 35. bxc3 Rc8 36. Rd7 Rc6 37. Rd3 h4 38. g4 Rec4 39. Re3 e6 40.
Rd3 f5 41. gxf5 exf5 42. Kg2 Kf6 43. Rc2 g4 44. Rc1 Kg5 45. Rc2 Kf4 46. Rc1 Re6
47. Rcd1 Re2 48. Rd4+ Rxd4 49. Rxd4+ Kg5 50. hxg4 fxg4 51. Rd8 Rc2 52. Rg8+ Kf4
53. Rf8+ Ke4 54. Re8+ Kf4 55. Rf8+ Ke4 56. Re8+ Kf4 1/2-1/2

[Event "AICF-AAI Cup 2012"]
[Site "New Delhi IND"]
[Date "2012.12.28"]
[Round "8"]
[White "Korobov, Anton"]
[Black "Sasikiran, Krishnan"]
[Result "1/2-1/2"]
[WhiteElo "2702"]
[BlackElo "2676"]
[PlyCount "75"]
[EventDate "2012.12.21"]

1. d4 Nf6 2. c4 e6 3. Nc3 Bb4 4. e3 O-O 5. Bd3 c5 6. Nf3 d5 7. O-O Nc6 8. a3
Bxc3 9. bxc3 dxc4 10. Bxc4 Qc7 11. Bb2 e5 12. h3 Bf5 13. Qe2 Rad8 14. Bb5 e4
15. Nd2 Bg6 16. Rfc1 Rd5 17. Bxc6 bxc6 18. c4 Rg5 19. Kh1 Re8 20. dxc5 Bh5 21.
Qf1 Nd7 22. Bd4 Nxc5 23. Bxc5 Rxc5 24. Nb3 Rg5 25. Nd4 h6 26. Rab1 c5 27. Ne2
Bxe2 28. Qxe2 Re6 29. Qb2 Rb6 30. Qc2 Rbg6 31. Qxe4 Rxg2 32. Qxg2 Rxg2 33. Kxg2
Qc6+ 34. Kg3 Qg6+ 35. Kh2 Qd6+ 36. Kg2 Qg6+ 37. Kh2 Qd6+ 38. Kg2 1/2-1/2

[Event "AICF-AAI Cup 2012"]
[Site "New Delhi IND"]
[Date "2012.12.29"]
[Round "9"]
[White "Sasikiran, Krishnan"]
[Black "Wojtaszek, Radoslaw"]
[Result "1/2-1/2"]
[WhiteElo "2676"]
[BlackElo "2734"]
[PlyCount "81"]
[EventDate "2012.12.21"]

1. d4 Nf6 2. c4 e6 3. g3 d5 4. Bg2 dxc4 5. Nf3 c5 6. O-O Nc6 7. dxc5 Qxd1 8.
Rxd1 Bxc5 9. Nbd2 c3 10. bxc3 O-O 11. Nb3 Be7 12. Nfd4 Nxd4 13. cxd4 Nd5 14.
Bd2 f5 15. Na5 b6 16. Nc6 Bf6 17. Rac1 Bb7 18. Rc2 Rfc8 19. Rdc1 Kf7 20. e3 Ke8
21. e4 fxe4 22. Bxe4 Bxc6 23. Rxc6 Rxc6 24. Rxc6 Kd7 25. Rc2 g6 26. Be3 Rc8 27.
Rxc8 Kxc8 28. Bd3 Kd7 29. Kg2 Kc6 30. a4 Nc3 31. Bc2 Ne2 32. Bb3 Kd6 33. Kf3
Nxd4+ 34. Bxd4 Bxd4 35. h4 e5 36. g4 Kc5 37. Bg8 h6 38. Bf7 g5 39. h5 Kd6 40.
Bc4 Ke7 41. Ke4 1/2-1/2

[Event "AICF-AAI Cup 2012"]
[Site "New Delhi IND"]
[Date "2012.12.29"]
[Round "9"]
[White "Gupta, Abhijeet"]
[Black "Alekseev, Evgeny"]
[Result "1/2-1/2"]
[WhiteElo "2662"]
[BlackElo "2691"]
[PlyCount "150"]
[EventDate "2012.12.21"]

1. d4 Nf6 2. c4 e6 3. g3 d5 4. Nf3 Be7 5. Bg2 O-O 6. O-O dxc4 7. Qc2 a6 8. Qxc4
b5 9. Qc2 Bb7 10. Bd2 Bd6 11. Nh4 Bxg2 12. Kxg2 Nbd7 13. Ba5 Qc8 14. Qc6 e5 15.
e3 exd4 16. exd4 Rb8 17. Nd2 Nb6 18. Rac1 Re8 19. Rfe1 g6 20. Rxe8+ Qxe8 21.
Qxe8+ Nxe8 22. Rc6 Kf8 23. Nhf3 Ke7 24. Ne5 Ke6 25. Ne4 Kd5 26. Nc3+ Ke6 27.
Ne2 g5 28. b3 f6 29. Nd3 Kd7 30. Rc2 Nd5 31. Nc3 Nxc3 32. Rxc3 Ng7 33. d5 b4
34. Rc4 Rb5 35. Bxb4 Rxd5 36. Bxd6 cxd6 37. Nb4 Rd2 38. Rc2 Rxc2 39. Nxc2 Kc6
40. Kf3 Kc5 41. Ke4 f5+ 42. Kd3 Ne6 43. a3 h5 44. Nb4 Kb5 45. Nd5 Kc5 46. Nc3
d5 47. b4+ Kc6 48. Ne2 Kb5 49. Nc3+ Kc6 50. a4 d4 51. Ne2 Kd5 52. f4 h4 53.
fxg5 hxg3 54. hxg3 Nxg5 55. Nxd4 Ke5 56. Kc4 Ne4 57. Ne2 Kd6 58. Kd4 Ng5 59.
Nf4 Nf3+ 60. Ke3 Nh2 61. Nd3 Kd5 62. Kf4 Nf1 63. Ne1 Kd4 64. Nc2+ Kc4 65. Kf3
Nd2+ 66. Ke3 Kc3 67. Kf4 Kxc2 68. Kxf5 Kc3 69. b5 axb5 70. axb5 Kd4 71. b6 Nc4
72. g4 Nxb6 73. g5 Nd5 74. g6 Ne7+ 75. Kf6 Nxg6 1/2-1/2

[Event "World Cities Champ, Al Ain (UAE)"]
[Site "Al-Ain UAE"]
[Date "2012.12.27"]
[Round "6"]
[White "Dzhumaev, Marat"]
[Black "Giri, Anish"]
[Result "0-1"]
[WhiteElo "2530"]
[BlackElo "2720"]
[PlyCount "102"]
[EventDate "2012.12.22"]
[WhiteTeam "Tashkent"]
[BlackTeam "Hoogeveen"]

1. e4 c5 2. Nf3 e6 3. Nc3 Nc6 4. d4 cxd4 5. Nxd4 Nf6 6. g3 Be7 7. Bg2 O-O 8.
O-O d6 9. Be3 Bd7 10. f4 Nxd4 11. Bxd4 Bc6 12. Qe2 Nd7 13. Kh1 a6 14. Rae1 Re8
15. a4 Rb8 16. f5 Bf6 17. fxe6 Rxe6 18. Qf2 Qe7 19. Nd5 Bxd5 20. exd5 Rxe1 21.
Rxe1 Qf8 22. Ba7 Ra8 23. Bh3 Ne5 24. b4 Qe8 25. Qb6 Qxa4 26. Qxb7 Rf8 27. Bg2
h5 28. Rf1 Nc4 29. Bg1 Qb5 30. Qxb5 axb5 31. Rf5 Na3 32. Be4 Rc8 33. Rf2 Rc4
34. Re2 Rxb4 35. Bd3 Kf8 36. Bb6 Nc4 37. Bc7 Be7 38. Re4 Ra4 39. Kg2 Nb2 40.
Kf3 Nxd3 41. cxd3 f5 42. Re6 Ra6 43. Kf4 Ke8 44. Kxf5 Kd7 45. Re1 b4 46. Rc1 b3
47. Bb8 b2 48. Rc7+ Kd8 49. Rb7 Bf6 50. d4 Bxd4 51. Ke6 Kc8 0-1

[Event "World Cities Champ, Al Ain (UAE)"]
[Site "Al-Ain UAE"]
[Date "2012.12.28"]
[Round "7"]
[White "Giri, Anish"]
[Black "Safarli, Eltaj"]
[Result "1/2-1/2"]
[WhiteElo "2720"]
[BlackElo "2626"]
[PlyCount "61"]
[EventDate "2012.12.22"]
[WhiteTeam "Hoogeveen"]
[BlackTeam "Baku"]

1. c4 Nf6 2. Nc3 d5 3. cxd5 Nxd5 4. g3 g6 5. Bg2 Nxc3 6. bxc3 Bg7 7. Nf3 O-O 8.
h4 h5 9. Ng5 c6 10. Rb1 Qa5 11. Qc2 Nd7 12. O-O Nb6 13. c4 Qa4 14. Qxa4 Nxa4
15. Ba3 Rd8 16. Nf3 e5 17. Rfd1 Bf5 18. Rxb7 e4 19. Ng5 Nc3 20. Re1 Rxd2 21.
Rxf7 Nxe2+ 22. Kf1 Nc3 23. Bc5 Rad8 24. Rxa7 Rd1 25. f3 Be5 26. Rxd1 Rxd1+ 27.
Kf2 Rd2+ 28. Ke1 Rd1+ 29. Kf2 Rd2+ 30. Ke1 Rd1+ 31. Kf2 1/2-1/2

[Event "AICF-AAI Cup 2012"]
[Site "New Delhi IND"]
[Date "2012.12.30"]
[Round "10"]
[White "Negi, Parimarjan"]
[Black "Gupta, Abhijeet"]
[Result "1/2-1/2"]
[WhiteElo "2641"]
[BlackElo "2662"]
[PlyCount "119"]
[EventDate "2012.12.21"]

1. e4 e5 2. Nf3 Nc6 3. Bb5 Nf6 4. O-O Nxe4 5. Re1 Nd6 6. Nxe5 Be7 7. Bf1 Nxe5
8. Rxe5 O-O 9. d4 Bf6 10. Re1 Re8 11. Bf4 Rxe1 12. Qxe1 Ne8 13. Nc3 c6 14. d5
d6 15. Rd1 Bg4 16. Rb1 Nc7 17. dxc6 bxc6 18. Ne4 Be7 19. Bd3 Ne6 20. Be3 Bh5
21. Ng3 Bg6 22. Rd1 d5 23. c4 Bf6 24. cxd5 cxd5 25. b3 d4 26. Bc1 Bxd3 27. Rxd3
Rc8 28. Ne4 Be5 29. g3 f5 30. Ng5 Nxg5 31. Bxg5 Qd5 32. Rd1 h6 33. Rc1 Re8 34.
Bd2 Re6 35. Qf1 Bf6 36. Qd3 h5 37. b4 h4 38. Rc8+ Kh7 39. f3 Be7 40. g4 Rg6 41.
Qc4 Qxc4 42. Rxc4 fxg4 43. fxg4 Rxg4+ 44. Kf2 Bf6 45. Kf3 Rg1 46. Rc1 Rg6 47.
Bf4 Be7 48. b5 Ba3 49. Rc4 Rb6 50. Rxd4 Rxb5 51. Be3 Rf5+ 52. Rf4 Rxf4+ 53.
Kxf4 a6 54. Kg4 Bd6 55. h3 Kg6 56. Bg5 Bg3 57. Bd8 Bf2 58. Bg5 Bg3 59. Bd8 Bf2
60. Bg5 1/2-1/2